[Event "IECG TE.2007.P.02405 email"]
[Site "IECG email"]
[Date "2007.03.31"]
[Round "?"]
[White "Davis, Brandon"]
[Black "Korchut, Adam"]
[Result "0-1"]
[WhiteElo "800"]
[BlackElo "2197"]
[PlyCount "32"]
[EventDate "2007.03.31"]
[EventType "tourn (corr)"]
[EventRounds "12"]
[SourceTitle "Corr 2024"]
[Source "ChessBase"]
[SourceDate "2023.10.19"]
[SourceVersion "1"]
[SourceVersionDate "2023.10.19"]
[SourceQuality "1"]

1. d4 d5 2. c4 e5 3. dxe5 d4 4. Nf3 Nc6 5. g3 f6 6. exf6 Nxf6 7. Bf4 Bd6 8. Qd2 Bb4 9. Bg2 Bxd2+ 10. Nbxd2 Nh5 11. Bg5 Qd6 12. 0-0-0 h6 13. Ne4 Qe6 14. g4 Qxe4 15. Bd2 Nf4 16. Bxf4 Nb4 0-1

[Event "IECG CP.2006.P.00030 email"]
[Site "IECG email"]
[Date "2006.10.01"]
[Round "?"]
[White "Croad, Nicolas"]
[Black "Davis, Brandon"]
[Result "1-0"]
[WhiteElo "1911"]
[BlackElo "800"]
[PlyCount "37"]
[EventDate "2006.10.01"]
[EventType "tourn (corr)"]
[EventRounds "6"]
[SourceTitle "Corr 2011"]
[Source "ChessBase"]
[SourceDate "2010.08.31"]
[SourceVersion "1"]
[SourceVersionDate "2010.08.31"]
[SourceQuality "1"]

1. Nf3 d5 2. d4 Bf5 3. c4 Nf6 4. cxd5 Nxd5 5. Nbd2 Bg6 6. e4 Nb4 7. Qa4+ N8c6 8. a3 Na6 9. Bxa6 bxa6 10. Qxc6+ Qd7 11. Qxa8+ Qd8 12. Qc6+ Qd7 13. Qxa6 c6 14. d5 cxd5 15. Ne5 Qc7 16. Ndf3 Bxe4 17. Bf4 Qc5 18. Qa4+ Kd8 19. Qd7# 1-0